[Event "EYCC 2024 - G16"]
[Site "?"]
[Date "2024.08.30"]
[Round "8.1"]
[White "Rasheva, Nora"]
[Black "Lorenz, Veronika"]
[Result "1-0"]
[BlackElo "1884"]
[WhiteElo "1942"]
[LiveChessVersion "1.4.8"]

1. d4 {[%clk 1:30:59]} Nf6 {[%clk 1:30:59]} 2. c4 {[%clk 1:31:22]} g6
{[%clk 1:31:28]} 3. Nc3 {[%clk 1:31:46]} Bg7 {[%clk 1:31:57]} 4. e4
{[%clk 1:32:07]} d6 {[%clk 1:32:25]} 5. Nf3 {[%clk 1:32:18]} O-O {[%clk 1:32:53]}
6. h3 {[%clk 1:32:38]} Nbd7 {[%clk 1:33:18]} 7. Be3 {[%clk 1:32:22]} e5
{[%clk 1:33:22]} 8. d5 {[%clk 1:32:37]} Qe7 {[%clk 1:33:43]} 9. g4
{[%clk 1:30:10]} Nc5 {[%clk 1:09:09]} 10. Nd2 {[%clk 1:29:38]} a5
{[%clk 1:09:06]} 11. Be2 {[%clk 1:28:34]} Kh8 {[%clk 1:07:22]} 12. h4
{[%clk 1:15:22]} Ng8 {[%clk 0:59:31]} 13. g5 {[%clk 1:11:43]} f5 {[%clk 0:55:38]}
14. h5 {[%clk 1:04:32]} gxh5 {[%clk 0:52:11]} 15. Rxh5 {[%clk 1:02:36]} f4
{[%clk 0:52:18]} 16. Bxc5 {[%clk 1:02:56]} dxc5 {[%clk 0:52:47]} 17. Bg4
{[%clk 1:01:26]} Qf7 {[%clk 0:49:59]} 18. Bxc8 {[%clk 1:00:55]} Raxc8
{[%clk 0:50:23]} 19. Qf3 {[%clk 1:00:49]} Qg6 {[%clk 0:48:13]} 20. O-O-O
{[%clk 0:56:13]} Rf7 21. Qh3 {[%clk 0:46:36]} Re8 {[%clk 0:28:46]} 22. Nf3
{[%clk 0:46:20]} Bf8 {[%clk 0:26:22]} 23. Rg1 {[%clk 0:45:53]} Bd6
{[%clk 0:20:47]} 24. Qg4 {[%clk 0:44:41]} Rff8 {[%clk 0:04:55]} 25. Nh4
{[%clk 0:38:31]} Qg7 {[%clk 0:05:18]} 26. Nf5 {[%clk 0:29:51]} Qg6
{[%clk 0:05:32]} 27. Nb1 {[%clk 0:29:16]} b6 {[%clk 0:01:27]} 28. Nd2
{[%clk 0:29:37]} a4 {[%clk 0:00:40]} 29. Nf3 {[%clk 0:29:57]} Ne7
{[%clk 0:00:44]} 30. N3h4 {[%clk 0:28:19]} Qg8 {[%clk 0:01:13]} 31. g6
{[%clk 0:28:37]} Nxf5 {[%clk 0:01:24]} 32. Rxh7+ {[%clk 0:27:02]} Qxh7
{[%clk 0:01:51]} 33. gxh7 {[%clk 0:27:31]} 1-0

[Event "EYCC 2024 - G16"]
[Site "?"]
[Date "2024.08.30"]
[Round "8.2"]
[White "Novomeska, Karin"]
[Black "Seemann, Pola"]
[Result "1-0"]
[BlackElo "1914"]
[WhiteElo "1815"]
[LiveChessVersion "1.4.8"]

1. d4 {[%clk 1:30:56]} Nf6 {[%clk 1:30:55]} 2. Nf3 {[%clk 1:31:05]} e6
{[%clk 1:31:17]} 3. c4 {[%clk 1:31:12]} a6 {[%clk 1:31:39]} 4. Nc3
{[%clk 1:30:21]} d5 {[%clk 1:32:00]} 5. cxd5 {[%clk 1:23:13]} exd5
{[%clk 1:32:22]} 6. Bg5 {[%clk 1:23:23]} Be6 {[%clk 1:32:41]} 7. e3
{[%clk 1:21:51]} Nbd7 {[%clk 1:32:02]} 8. Bd3 {[%clk 1:20:32]} Bd6
{[%clk 1:31:36]} 9. O-O {[%clk 1:16:31]} c6 {[%clk 1:29:20]} 10. Qc2
{[%clk 1:11:07]} Qc7 {[%clk 1:28:30]} 11. e4 {[%clk 1:02:17]} dxe4
{[%clk 1:27:00]} 12. Nxe4 {[%clk 1:01:08]} Nxe4 {[%clk 1:25:05]} 13. Bxe4
{[%clk 1:01:28]} h6 {[%clk 1:24:41]} 14. Bh4 {[%clk 0:58:49]} O-O
{[%clk 1:23:16]} 15. Rfe1 {[%clk 0:36:41]} f5 {[%clk 1:11:06]} 16. Bxc6
{[%clk 0:27:35]} Rae8 {[%clk 1:02:00]} 17. Rxe6 {[%clk 0:23:58]} Rxe6
{[%clk 1:01:18]} 18. Qb3 {[%clk 0:24:21]} Qxc6 {[%clk 0:53:32]} 19. Qxe6+
{[%clk 0:23:40]} Kh7 {[%clk 0:50:41]} 20. d5 {[%clk 0:23:05]} Qc7
{[%clk 0:44:54]} 21. Be7 {[%clk 0:20:56]} Bxe7 {[%clk 0:45:12]} 22. Qxe7
{[%clk 0:21:23]} Rf6 {[%clk 0:42:16]} 23. Nd4 {[%clk 0:18:29]} Qc4
{[%clk 0:36:35]} 24. Ne6 {[%clk 0:18:04]} Rg6 {[%clk 0:35:04]} 25. Qxd7
{[%clk 0:17:06]} Rxg2+ {[%clk 0:34:46]} 26. Kxg2 {[%clk 0:17:01]} Qg4+
{[%clk 0:35:02]} 27. Kf1 {[%clk 0:16:54]} Qc4+ {[%clk 0:35:25]} 28. Ke1
{[%clk 0:17:06]} Qb4+ {[%clk 0:35:29]} 29. Kd1 {[%clk 0:17:08]} Qg4+
{[%clk 0:35:50]} 30. Kd2 {[%clk 0:15:49]} Qb4+ {[%clk 0:36:15]} 31. Kd3
{[%clk 0:15:48]} Qe4+ {[%clk 0:36:21]} 32. Kc3 {[%clk 0:15:57]} Qf3+
{[%clk 0:36:33]} 33. Kb4 {[%clk 0:13:45]} Qe4+ {[%clk 0:36:28]} 34. Ka5
{[%clk 0:13:10]} 1-0

[Event "EYCC 2024 - G16"]
[Site "?"]
[Date "2024.08.30"]
[Round "8.3"]
[White "Mykhailets, Polina"]
[Black "Chendighilean, Anna"]
[Result "1/2-1/2"]
[BlackElo "1835"]
[WhiteElo "1907"]
[LiveChessVersion "1.4.8"]

1. e4 {[%clk 1:30:57]} c6 {[%clk 1:30:56]} 2. Nc3 {[%clk 1:31:22]} d5
{[%clk 1:31:18]} 3. Nf3 {[%clk 1:31:48]} Bg4 {[%clk 1:31:20]} 4. h3
{[%clk 1:32:12]} Bxf3 {[%clk 1:31:33]} 5. Qxf3 {[%clk 1:32:32]} Nf6
{[%clk 1:31:06]} 6. d4 {[%clk 1:32:35]} dxe4 {[%clk 1:30:38]} 7. Qe3
{[%clk 1:32:55]} e6 {[%clk 1:28:57]} 8. Nxe4 {[%clk 1:33:11]} Nxe4
{[%clk 1:27:08]} 9. Qxe4 {[%clk 1:33:36]} Nd7 {[%clk 1:26:53]} 10. Be2
{[%clk 1:33:10]} Nf6 {[%clk 1:25:26]} 11. Qd3 {[%clk 1:33:02]} Be7
{[%clk 1:23:27]} 12. O-O {[%clk 1:33:07]} O-O {[%clk 1:23:00]} 13. a4
{[%clk 1:32:27]} Qc7 {[%clk 1:21:44]} 14. a5 {[%clk 1:30:45]} Rfd8
{[%clk 1:17:17]} 15. c3 {[%clk 1:30:10]} c5 {[%clk 1:13:18]} 16. Qc4
{[%clk 1:28:47]} Rac8 {[%clk 1:12:19]} 17. dxc5 {[%clk 1:28:17]} Bxc5
{[%clk 1:11:10]} 18. Qh4 {[%clk 1:24:24]} Be7 {[%clk 0:59:33]} 19. a6
{[%clk 1:20:06]} b6 {[%clk 0:55:04]} 20. Qa4 {[%clk 1:13:43]} Rb8
{[%clk 0:50:43]} 21. Re1 {[%clk 0:57:30]} Nd5 {[%clk 0:48:16]} 22. Qe4
{[%clk 0:53:33]} b5 {[%clk 0:41:27]} 23. Bd3 {[%clk 0:44:45]} g6 {[%clk 0:36:09]}
24. Bh6 {[%clk 0:43:10]} Bf8 {[%clk 0:34:44]} 25. Bxf8 {[%clk 0:42:24]} Kxf8
{[%clk 0:34:52]} 26. Red1 {[%clk 0:38:35]} Kg7 {[%clk 0:32:43]} 27. Bc2
{[%clk 0:33:51]} b4 {[%clk 0:28:40]} 28. c4 {[%clk 0:31:28]} Nf6 {[%clk 0:25:31]}
29. Qh4 {[%clk 0:27:22]} b3 {[%clk 0:24:08]} 30. Bd3 {[%clk 0:27:14]} Qe5
{[%clk 0:23:21]} 31. Qg3 {[%clk 0:23:08]} Qxg3 {[%clk 0:18:25]} 32. fxg3
{[%clk 0:23:33]} Rd6 {[%clk 0:17:30]} 33. Be2 {[%clk 0:22:14]} Rxd1+
{[%clk 0:16:13]} 34. Bxd1 {[%clk 0:21:23]} Ne4 {[%clk 0:14:43]} 35. Ra5
{[%clk 0:20:57]} Nd2 {[%clk 0:13:16]} 36. Rb5 {[%clk 0:20:06]} Rc8
{[%clk 0:04:56]} 37. Be2 {[%clk 0:19:44]} Rc6 {[%clk 0:03:30]} 38. c5
{[%clk 0:18:30]} Rxa6 {[%clk 0:03:27]} 39. Kf2 {[%clk 0:18:46]} Ne4+
{[%clk 0:02:18]} 40. Kf3 {[%clk 0:18:10]} Nf6 {[%clk 0:01:22]} 41. Rxb3
{[%clk 0:18:28]} Rc6 {[%clk 0:01:35]} 42. Rc3 {[%clk 0:18:36]} Nd5
{[%clk 0:01:48]} 43. Bb5 {[%clk 0:17:40]} Rc7 {[%clk 0:01:47]} 44. Rc4
{[%clk 0:18:00]} f5 {[%clk 0:01:45]} 45. Ba6 {[%clk 0:16:16]} Kf6
{[%clk 0:01:19]} 46. b4 {[%clk 0:16:20]} e5 {[%clk 0:01:00]} 47. b5
{[%clk 0:15:58]} e4+ {[%clk 0:00:41]} 48. Ke2 {[%clk 0:16:12]} Ke5
{[%clk 0:00:59]} 49. c6 {[%clk 0:14:50]} Nb6 {[%clk 0:00:33]} 50. Rc1
{[%clk 0:14:33]} Kd5 {[%clk 0:00:40]} 51. Rd1+ {[%clk 0:13:48]} Kc5
{[%clk 0:00:38]} 52. Rd8 {[%clk 0:12:43]} Kb4 {[%clk 0:00:34]} 53. Rb8
{[%clk 0:10:42]} Kc5 {[%clk 0:00:48]} 54. h4 {[%clk 0:08:13]} Nd5
{[%clk 0:00:59]} 55. Kd2 {[%clk 0:06:26]} Nb4 {[%clk 0:00:49]} 56. Bc8
{[%clk 0:06:22]} Kd6 {[%clk 0:00:45]} 57. Kc3 {[%clk 0:05:59]} Nd5+
{[%clk 0:00:42]} 58. Kd4 {[%clk 0:06:19]} e3 {[%clk 0:00:43]} 59. Kd3
{[%clk 0:06:19]} Re7 {[%clk 0:00:40]} 60. Ke2 {[%clk 0:06:15]} Kc7
{[%clk 0:00:43]} 61. Ra8 {[%clk 0:06:32]} Kb6 {[%clk 0:01:01]} 62. Rb8+
{[%clk 0:06:28]} Kc7 {[%clk 0:01:24]} 63. Ra8 {[%clk 0:06:42]} Kb6
{[%clk 0:01:15]} 64. Rb8+ {[%clk 0:06:42]} 1/2-1/2

[Event "EYCC 2024 - G16"]
[Site "?"]
[Date "2024.08.30"]
[Round "8.4"]
[White "Wojs, Alicja"]
[Black "Hayrapetyan, Nvard"]
[Result "0-1"]
[BlackElo "1748"]
[WhiteElo "1953"]
[LiveChessVersion "1.4.8"]

1. e4 {[%clk 1:30:58]} c5 {[%clk 1:30:55]} 2. Nf3 {[%clk 1:31:20]} e6
{[%clk 1:31:22]} 3. d4 {[%clk 1:31:43]} cxd4 {[%clk 1:31:48]} 4. Nxd4
{[%clk 1:32:06]} Nf6 {[%clk 1:32:15]} 5. Nc3 {[%clk 1:32:11]} Nc6
{[%clk 1:32:41]} 6. Ndb5 {[%clk 1:32:28]} d6 {[%clk 1:32:55]} 7. Bf4
{[%clk 1:32:51]} e5 {[%clk 1:33:20]} 8. Bg5 {[%clk 1:33:13]} a6 {[%clk 1:33:46]}
9. Na3 {[%clk 1:33:32]} b5 {[%clk 1:34:12]} 10. Bxf6 {[%clk 1:33:54]} gxf6
{[%clk 1:34:34]} 11. Nd5 {[%clk 1:34:12]} f5 {[%clk 1:34:51]} 12. g3
{[%clk 1:34:15]} Bg7 {[%clk 1:27:00]} 13. Bg2 {[%clk 1:33:45]} O-O
{[%clk 1:25:18]} 14. O-O {[%clk 1:30:53]} fxe4 {[%clk 1:14:14]} 15. Bxe4
{[%clk 1:30:39]} f5 {[%clk 1:13:35]} 16. Bg2 {[%clk 1:28:38]} e4 {[%clk 1:09:50]}
17. c3 {[%clk 1:24:48]} Be6 {[%clk 1:07:29]} 18. Nc2 {[%clk 1:24:23]} Ne5
{[%clk 1:03:13]} 19. f3 {[%clk 1:13:12]} Nd3 {[%clk 0:50:46]} 20. fxe4
{[%clk 1:13:21]} Nxb2 {[%clk 0:49:45]} 21. Qh5 {[%clk 1:05:08]} Bxd5
{[%clk 0:46:31]} 22. exd5 {[%clk 1:05:32]} Qb6+ {[%clk 0:45:32]} 23. Kh1
{[%clk 1:05:52]} Nd3 {[%clk 0:45:15]} 24. Qf3 {[%clk 1:03:47]} Ne5
{[%clk 0:45:01]} 25. Qe3 {[%clk 1:01:37]} Qxe3 {[%clk 0:35:17]} 26. Nxe3
{[%clk 1:01:55]} f4 {[%clk 0:34:58]} 27. gxf4 {[%clk 0:55:42]} Nd3
{[%clk 0:33:24]} 28. f5 {[%clk 0:55:17]} Rae8 {[%clk 0:26:38]} 29. Ng4
{[%clk 0:47:33]} Bxc3 {[%clk 0:22:24]} 30. Rad1 {[%clk 0:45:52]} Ne1
{[%clk 0:19:17]} 31. Bh3 {[%clk 0:36:34]} h5 {[%clk 0:19:25]} 32. Nf2
{[%clk 0:36:59]} Re2 {[%clk 0:14:17]} 33. Nd3 {[%clk 0:31:27]} Nxd3
{[%clk 0:13:43]} 34. Rxd3 {[%clk 0:31:51]} Be5 {[%clk 0:14:07]} 35. Rg1+
{[%clk 0:31:50]} Kf7 {[%clk 0:14:27]} 36. Rg2 {[%clk 0:32:15]} Re1+
{[%clk 0:14:26]} 37. Rg1 {[%clk 0:32:39]} Rxg1+ {[%clk 0:14:26]} 38. Kxg1
{[%clk 0:33:03]} Rg8+ {[%clk 0:14:54]} 39. Bg2 {[%clk 0:27:38]} a5
{[%clk 0:13:13]} 40. Rb3 {[%clk 0:27:45]} b4 {[%clk 0:13:33]} 41. Kf2
{[%clk 0:26:26]} Kf6 {[%clk 0:13:41]} 42. Be4 {[%clk 0:24:49]} Rg4
{[%clk 0:12:49]} 43. Bc2 {[%clk 0:23:21]} Bxh2 {[%clk 0:12:34]} 44. Rh3
{[%clk 0:23:26]} Bg1+ {[%clk 0:12:19]} 45. Kf1 {[%clk 0:23:34]} Rg5
{[%clk 0:09:45]} 46. Bd1 {[%clk 0:18:27]} Bd4 {[%clk 0:08:20]} 47. Rxh5
{[%clk 0:17:24]} Rxh5 {[%clk 0:08:43]} 48. Bxh5 {[%clk 0:17:49]} Kxf5
{[%clk 0:09:11]} 49. Bd1 {[%clk 0:17:11]} Ke4 {[%clk 0:09:16]} 50. Bb3
{[%clk 0:17:30]} Kd3 {[%clk 0:09:07]} 51. Ke1 {[%clk 0:17:52]} Kc3
{[%clk 0:09:22]} 52. Kd1 {[%clk 0:18:05]} Be3 {[%clk 0:09:08]} 53. Ke1
{[%clk 0:16:03]} Bg5 {[%clk 0:07:53]} 54. Kd1 {[%clk 0:15:46]} Kb2
{[%clk 0:07:41]} 55. Ba4 {[%clk 0:03:51]} Kxa2 {[%clk 0:07:40]} 56. Kc2
{[%clk 0:04:15]} Ka3 {[%clk 0:08:04]} 57. Bd7 {[%clk 0:04:27]} b3+
{[%clk 0:08:08]} 58. Kb1 {[%clk 0:04:52]} Kb4 {[%clk 0:08:29]} 59. Bf5
{[%clk 0:03:52]} a4 {[%clk 0:08:54]} 60. Ka1 {[%clk 0:03:58]} a3 {[%clk 0:09:18]}
0-1

[Event "EYCC 2024 - G16"]
[Site "?"]
[Date "2024.08.30"]
[Round "8.5"]
[White "Dieguez Novoa, Pura"]
[Black "Zhezhovska, Monika"]
[Result "0-1"]
[BlackElo "2069"]
[WhiteElo "1851"]
[LiveChessVersion "1.4.8"]

1. e4 {[%clk 1:30:58]} c5 {[%clk 1:30:56]} 2. Nf3 {[%clk 1:31:21]} Nc6
{[%clk 1:31:23]} 3. d4 {[%clk 1:31:43]} cxd4 {[%clk 1:31:49]} 4. Nxd4
{[%clk 1:32:07]} Nf6 {[%clk 1:32:15]} 5. Nc3 {[%clk 1:32:29]} d6 {[%clk 1:32:41]}
6. Be2 {[%clk 1:32:44]} e5 {[%clk 1:33:02]} 7. Nb3 {[%clk 1:33:08]} Be7
{[%clk 1:33:27]} 8. O-O {[%clk 1:33:27]} O-O {[%clk 1:33:51]} 9. f4
{[%clk 1:33:46]} a5 {[%clk 1:33:06]} 10. a4 {[%clk 1:30:43]} Nb4 {[%clk 1:30:23]}
11. f5 {[%clk 1:28:43]} d5 {[%clk 1:24:17]} 12. exd5 {[%clk 1:27:54]} Nfxd5
{[%clk 1:22:48]} 13. Nxd5 {[%clk 1:25:55]} Nxd5 {[%clk 1:21:20]} 14. Kh1
{[%clk 1:25:23]} Nf6 {[%clk 1:16:38]} 15. Qe1 {[%clk 1:15:49]} Qc7
{[%clk 1:14:54]} 16. Bd3 {[%clk 1:13:16]} b6 {[%clk 1:09:28]} 17. Qg3
{[%clk 0:56:58]} Bb7 {[%clk 1:01:43]} 18. c3 {[%clk 0:49:28]} Qc6
{[%clk 0:54:26]} 19. Be2 {[%clk 0:46:44]} Kh8 {[%clk 0:51:51]} 20. Bf3
{[%clk 0:44:39]} e4 {[%clk 0:51:06]} 21. Nd4 {[%clk 0:44:34]} Qd7
{[%clk 0:48:13]} 22. Be2 {[%clk 0:44:20]} Bd6 {[%clk 0:45:21]} 23. Qh3
{[%clk 0:42:23]} Be5 {[%clk 0:39:36]} 24. Be3 {[%clk 0:39:47]} Rad8
{[%clk 0:37:26]} 25. Bb5 {[%clk 0:31:56]} Qc7 {[%clk 0:36:45]} 26. Ne2
{[%clk 0:27:13]} Nd5 {[%clk 0:33:19]} 27. Bd4 {[%clk 0:26:48]} f6
{[%clk 0:29:59]} 28. Rad1 {[%clk 0:23:42]} Nf4 {[%clk 0:19:07]} 29. Nxf4
{[%clk 0:21:41]} Bxf4 {[%clk 0:19:35]} 30. Qh4 {[%clk 0:21:13]} Be5
{[%clk 0:19:11]} 31. Qf2 {[%clk 0:16:16]} Bxd4 {[%clk 0:18:36]} 32. Rxd4
{[%clk 0:16:36]} Rxd4 {[%clk 0:19:04]} 33. Qxd4 {[%clk 0:16:58]} Rd8
{[%clk 0:19:22]} 34. Qe3 {[%clk 0:16:55]} Qd6 {[%clk 0:18:12]} 35. h3
{[%clk 0:16:07]} h6 {[%clk 0:17:00]} 36. Rf2 {[%clk 0:13:10]} Kg8
{[%clk 0:12:51]} 37. Bc4+ {[%clk 0:13:08]} Kf8 {[%clk 0:13:04]} 38. Bb3
{[%clk 0:12:40]} Qc5 {[%clk 0:12:08]} 39. Qxc5+ {[%clk 0:11:02]} bxc5
{[%clk 0:12:36]} 40. Re2 {[%clk 0:11:02]} Bc6 {[%clk 0:11:41]} 41. Bc2
{[%clk 0:10:22]} Re8 {[%clk 0:12:01]} 42. b3 {[%clk 0:10:23]} Re5
{[%clk 0:12:17]} 43. Kh2 {[%clk 0:09:30]} Rxf5 {[%clk 0:08:12]} 44. Bxe4
{[%clk 0:09:42]} Re5 {[%clk 0:08:42]} 45. Bd3 {[%clk 0:09:57]} Rxe2
{[%clk 0:09:10]} 46. Bxe2 {[%clk 0:10:17]} Bd5 {[%clk 0:09:39]} 47. Bd1
{[%clk 0:09:29]} Ke7 {[%clk 0:10:03]} 48. g4 {[%clk 0:09:11]} Ke6
{[%clk 0:10:26]} 49. Kg3 {[%clk 0:09:05]} Ke5 {[%clk 0:10:50]} 50. Bc2
{[%clk 0:06:26]} g5 {[%clk 0:09:31]} 51. h4 {[%clk 0:04:20]} Be4 {[%clk 0:06:18]}
52. Bd1 {[%clk 0:04:40]} Bd5 {[%clk 0:03:18]} 53. Bc2 {[%clk 0:05:09]} Bc6
{[%clk 0:03:24]} 54. hxg5 {[%clk 0:04:59]} fxg5 {[%clk 0:03:51]} 55. Bh7
{[%clk 0:03:14]} c4 {[%clk 0:02:00]} 56. Bc2 {[%clk 0:01:50]} cxb3
{[%clk 0:02:07]} 57. Bxb3 {[%clk 0:02:19]} Ke4 {[%clk 0:02:25]} 58. Bc4
{[%clk 0:02:15]} Bxa4 {[%clk 0:02:47]} 59. Kf2 {[%clk 0:01:27]} Kf4
{[%clk 0:02:58]} 60. Be6 {[%clk 0:01:45]} Bd1 {[%clk 0:03:03]} 61. c4
{[%clk 0:01:03]} Bxg4 {[%clk 0:02:47]} 62. Bxg4 {[%clk 0:01:15]} Kxg4
{[%clk 0:03:03]} 63. Ke3 {[%clk 0:01:31]} Kf5 {[%clk 0:03:30]} 64. Kd4
{[%clk 0:01:29]} Ke6 {[%clk 0:03:59]} 65. Kc5 {[%clk 0:01:34]} Kd7
{[%clk 0:04:29]} 66. Kb6 {[%clk 0:01:33]} Kc8 {[%clk 0:04:57]} 0-1

[Event "EYCC 2024 - G16"]
[Site "?"]
[Date "2024.08.30"]
[Round "8.6"]
[White "Bruntse, Kathrine Lindegaard"]
[Black "Jansone, Melanija Luize"]
[Result "0-1"]
[BlackElo "1755"]
[WhiteElo "1945"]
[LiveChessVersion "1.4.8"]

1. d4 {[%clk 1:30:58]} Nf6 {[%clk 1:30:46]} 2. c4 {[%clk 1:31:21]} g6
{[%clk 1:30:53]} 3. Nc3 {[%clk 1:31:39]} Bg7 {[%clk 1:31:03]} 4. e4
{[%clk 1:31:56]} d6 {[%clk 1:31:14]} 5. Nf3 {[%clk 1:32:11]} O-O {[%clk 1:31:08]}
6. Be2 {[%clk 1:32:27]} e5 {[%clk 1:31:00]} 7. Be3 {[%clk 1:32:30]} exd4
{[%clk 1:29:59]} 8. Nxd4 {[%clk 1:32:39]} Re8 {[%clk 1:29:34]} 9. f3
{[%clk 1:32:00]} c6 {[%clk 1:28:40]} 10. Bf2 {[%clk 1:31:18]} d5 {[%clk 1:24:39]}
11. exd5 {[%clk 1:29:54]} cxd5 {[%clk 1:24:34]} 12. O-O {[%clk 1:26:16]} Nc6
{[%clk 1:11:36]} 13. c5 {[%clk 1:14:39]} a6 {[%clk 0:57:44]} 14. a3
{[%clk 0:55:21]} Bd7 {[%clk 0:49:19]} 15. Qd2 {[%clk 0:38:32]} Ne5
{[%clk 0:39:20]} 16. b4 {[%clk 0:34:17]} Nc4 {[%clk 0:25:35]} 17. Bxc4
{[%clk 0:27:48]} dxc4 {[%clk 0:25:52]} 18. Qa2 {[%clk 0:25:46]} Nh5
{[%clk 0:18:48]} 19. Qxc4 {[%clk 0:23:39]} Nf4 {[%clk 0:14:12]} 20. Rad1
{[%clk 0:15:29]} Qg5 {[%clk 0:11:50]} 21. Bg3 {[%clk 0:13:56]} Nh5
{[%clk 0:10:00]} 22. Ne4 {[%clk 0:12:08]} Qe3+ {[%clk 0:08:09]} 23. Bf2
{[%clk 0:10:35]} Qh6 {[%clk 0:07:18]} 24. Nd6 {[%clk 0:08:42]} Rf8
{[%clk 0:06:58]} 25. Nxb7 {[%clk 0:05:40]} Qf4 {[%clk 0:05:41]} 26. Qc1
{[%clk 0:04:53]} Qc7 {[%clk 0:04:53]} 27. Nd6 {[%clk 0:04:22]} Be5
{[%clk 0:03:42]} 28. Ne2 {[%clk 0:02:48]} Ba4 {[%clk 0:02:53]} 29. Rd5
{[%clk 0:02:21]} Bg7 {[%clk 0:02:37]} 30. Ng3 {[%clk 0:01:54]} Nf6
{[%clk 0:02:48]} 31. Rd3 {[%clk 0:01:34]} Rfd8 {[%clk 0:02:12]} 32. Bd4
{[%clk 0:01:21]} Bb5 {[%clk 0:01:02]} 33. Nxb5 {[%clk 0:01:31]} axb5
{[%clk 0:01:29]} 34. Rfd1 {[%clk 0:01:42]} Rdc8 {[%clk 0:01:24]} 35. Qb2
{[%clk 0:01:21]} Ne8 {[%clk 0:01:43]} 36. Bxg7 {[%clk 0:01:38]} Nxg7 37. Rd7
{[%clk 0:01:48]} Qf4 {[%clk 0:02:13]} 38. R1d3 {[%clk 0:01:04]} Ne6
{[%clk 0:01:34]} 39. Ne4 {[%clk 0:00:55]} Qh4 {[%clk 0:01:19]} 40. Qf6
{[%clk 0:00:50]} Qe1# {[%clk 0:01:40]} 0-1

[Event "EYCC 2024 - G16"]
[Site "?"]
[Date "2024.08.30"]
[Round "8.7"]
[White "Tomcaniova, Lucia"]
[Black "Zapalowska, Wiktoria"]
[Result "1/2-1/2"]
[BlackElo "1733"]
[WhiteElo "1901"]
[LiveChessVersion "1.4.8"]

1. d4 {[%clk 1:30:56]} d5 {[%clk 1:30:50]} 2. Nf3 {[%clk 1:31:17]} Nf6
{[%clk 1:30:55]} 3. c4 {[%clk 1:31:39]} dxc4 {[%clk 1:30:47]} 4. g3
{[%clk 1:31:32]} a6 {[%clk 1:30:06]} 5. a4 {[%clk 1:31:05]} b6 {[%clk 1:26:40]}
6. Bg2 {[%clk 1:27:41]} Bb7 {[%clk 1:25:55]} 7. Qc2 {[%clk 1:20:26]} e6
{[%clk 1:22:12]} 8. Qxc4 {[%clk 1:19:08]} Nbd7 {[%clk 1:18:43]} 9. O-O
{[%clk 1:14:39]} c5 {[%clk 1:13:58]} 10. Nc3 {[%clk 1:05:07]} cxd4
{[%clk 1:08:10]} 11. Qxd4 {[%clk 1:02:32]} Bc5 {[%clk 1:06:45]} 12. Qh4
{[%clk 0:55:17]} Be7 {[%clk 0:58:49]} 13. Qd4 {[%clk 0:48:45]} O-O
{[%clk 0:57:18]} 14. Rd1 {[%clk 0:45:22]} Qc8 {[%clk 0:54:20]} 15. Bf4
{[%clk 0:35:58]} Rd8 {[%clk 0:52:15]} 16. Qe3 {[%clk 0:32:14]} Bc5
{[%clk 0:44:05]} 17. Qc1 {[%clk 0:30:33]} Nd5 {[%clk 0:39:59]} 18. Nxd5
{[%clk 0:28:51]} Bxd5 {[%clk 0:39:11]} 19. Be3 {[%clk 0:17:34]} Qb7
{[%clk 0:35:08]} 20. Bxc5 {[%clk 0:16:58]} Nxc5 {[%clk 0:35:05]} 21. Qe3
{[%clk 0:16:44]} Rac8 {[%clk 0:26:16]} 22. b4 {[%clk 0:15:25]} Ne4
{[%clk 0:25:08]} 23. Rac1 {[%clk 0:15:04]} Nd6 {[%clk 0:21:38]} 24. Ne1
{[%clk 0:12:35]} Bxg2 {[%clk 0:16:16]} 25. Nxg2 {[%clk 0:12:59]} Nf5
{[%clk 0:15:32]} 26. Rxc8 {[%clk 0:05:20]} Qxc8 {[%clk 0:14:56]} 27. Rxd8+
{[%clk 0:04:16]} Qxd8 {[%clk 0:15:25]} 28. Qc1 {[%clk 0:04:10]} Kf8
{[%clk 0:13:13]} 29. Ne3 {[%clk 0:03:08]} Nxe3 {[%clk 0:11:25]} 30. Qxe3
{[%clk 0:02:53]} Qd6 {[%clk 0:10:25]} 31. Qc3 {[%clk 0:02:13]} Qd1+
{[%clk 0:08:52]} 32. Kg2 {[%clk 0:02:38]} Qxa4 {[%clk 0:08:22]} 33. Qc8+
{[%clk 0:03:00]} Ke7 {[%clk 0:08:37]} 34. Qc7+ {[%clk 0:02:59]} Qd7
{[%clk 0:08:39]} 35. Qxb6 {[%clk 0:03:07]} Qd5+ {[%clk 0:08:28]} 36. f3
{[%clk 0:01:37]} Qd6 {[%clk 0:04:57]} 37. Qa7+ {[%clk 0:01:22]} Kf6
{[%clk 0:04:53]} 38. Kf2 {[%clk 0:01:22]} Qxb4 {[%clk 0:04:44]} 39. Qxa6
{[%clk 0:01:45]} Qd4+ {[%clk 0:04:30]} 40. Kg2 {[%clk 0:02:03]} Qe3
{[%clk 0:03:33]} 1/2-1/2

[Event "EYCC 2024 - G16"]
[Site "?"]
[Date "2024.08.30"]
[Round "8.8"]
[White "Ken-Dror, Renana"]
[Black "Zadrapova, Amalie"]
[Result "0-1"]
[BlackElo "1894"]
[WhiteElo "1618"]
[LiveChessVersion "1.4.8"]

1. c4 {[%clk 1:30:56]} Nf6 {[%clk 1:30:50]} 2. g3 {[%clk 1:31:22]} g6
{[%clk 1:31:09]} 3. Bg2 {[%clk 1:31:32]} Bg7 {[%clk 1:31:32]} 4. Nc3
{[%clk 1:31:49]} d6 {[%clk 1:31:46]} 5. d4 {[%clk 1:32:08]} Nbd7 {[%clk 1:32:08]}
6. Nf3 {[%clk 1:32:27]} O-O {[%clk 1:31:39]} 7. O-O {[%clk 1:32:53]} e5
{[%clk 1:32:02]} 8. h3 {[%clk 1:32:04]} c6 {[%clk 1:32:03]} 9. dxe5
{[%clk 1:30:41]} dxe5 {[%clk 1:31:39]} 10. Be3 {[%clk 1:30:21]} Qe7
{[%clk 1:26:03]} 11. Qc1 {[%clk 1:28:58]} Nb6 {[%clk 1:22:58]} 12. Nd2
{[%clk 1:27:50]} Be6 {[%clk 1:21:31]} 13. b3 {[%clk 1:21:36]} Qd7
{[%clk 0:58:10]} 14. Kh2 {[%clk 1:20:08]} Rad8 {[%clk 0:55:54]} 15. Rd1
{[%clk 0:56:22]} Qc8 {[%clk 0:54:48]} 16. Bg5 {[%clk 0:44:23]} h6
{[%clk 0:53:09]} 17. Bxf6 {[%clk 0:41:22]} Bxf6 {[%clk 0:52:19]} 18. Nde4
{[%clk 0:41:40]} Bg7 {[%clk 0:51:44]} 19. Nd6 {[%clk 0:41:35]} Qc7
{[%clk 0:50:44]} 20. c5 {[%clk 0:41:32]} Nc8 {[%clk 0:50:09]} 21. Nce4
{[%clk 0:41:19]} f5 {[%clk 0:41:11]} 22. Nxc8 {[%clk 0:39:01]} Qxc8
{[%clk 0:38:42]} 23. Nd6 {[%clk 0:39:20]} Qc7 {[%clk 0:38:45]} 24. Qe3
{[%clk 0:33:51]} e4 {[%clk 0:35:07]} 25. Rac1 {[%clk 0:33:33]} Bd5
{[%clk 0:34:21]} 26. Qd2 {[%clk 0:23:40]} g5 {[%clk 0:30:43]} 27. Qb4
{[%clk 0:23:12]} b6 {[%clk 0:29:54]} 28. Nc4 {[%clk 0:18:57]} b5 {[%clk 0:28:47]}
29. Ne3 {[%clk 0:17:44]} Be6 {[%clk 0:27:28]} 30. Rd6 {[%clk 0:10:06]} a5
{[%clk 0:24:03]} 31. Qd2 {[%clk 0:10:25]} f4 {[%clk 0:23:31]} 32. Nf1
{[%clk 0:09:57]} Be5 {[%clk 0:21:34]} 33. Rxd8 {[%clk 0:09:19]} Rxd8
{[%clk 0:19:10]} 34. Qc2 {[%clk 0:09:27]} fxg3+ {[%clk 0:12:49]} 35. fxg3
{[%clk 0:09:50]} Qf7 {[%clk 0:12:00]} 36. e3 {[%clk 0:04:31]} g4 {[%clk 0:06:30]}
37. Bxe4 {[%clk 0:01:27]} gxh3 {[%clk 0:05:03]} 38. Qe2 {[%clk 0:01:03]} Rf8
{[%clk 0:03:38]} 39. Bxc6 Qf2+ {[%clk 0:03:28]} 40. Qxf2 {[%clk 0:01:23]} Rxf2+
{[%clk 0:03:55]} 41. Kg1 {[%clk 0:01:42]} Rxa2 {[%clk 0:04:04]} 42. Bf3
{[%clk 0:01:28]} Bxb3 {[%clk 0:03:41]} 43. c6 {[%clk 0:01:45]} Bc7
{[%clk 0:03:01]} 44. Bd1 {[%clk 0:01:06]} Rg2+ {[%clk 0:03:02]} 45. Kh1
{[%clk 0:01:18]} Bd5 {[%clk 0:02:00]} 46. Rc5 {[%clk 0:01:21]} Be4
{[%clk 0:02:22]} 47. Bb3+ {[%clk 0:01:29]} Kf8 {[%clk 0:01:59]} 48. Bd5
{[%clk 0:00:59]} Bxd5 {[%clk 0:01:52]} 49. Rxd5 {[%clk 0:01:25]} Rc2
{[%clk 0:02:07]} 50. Rxb5 {[%clk 0:01:24]} Rxc6 {[%clk 0:00:55]} 51. Kh2
{[%clk 0:01:32]} Rf6 52. Rb1 {[%clk 0:01:47]} a4 {[%clk 0:01:03]} 53. Kxh3
{[%clk 0:01:58]} a3 {[%clk 0:01:23]} 54. Nd2 {[%clk 0:02:15]} Rf2
{[%clk 0:00:56]} 55. Rd1 {[%clk 0:02:10]} a2 {[%clk 0:01:03]} 56. Ne4
{[%clk 0:01:26]} Rc2 {[%clk 0:00:50]} 57. Kg4 {[%clk 0:00:53]} Be5
{[%clk 0:01:04]} 58. Kf5 {[%clk 0:01:04]} a1=Q {[%clk 0:01:22]} 0-1